00927cam a2200253 a 4500020001500000040000800015082002600023100002500049245002700074250002100101260004100122300005000163490002300213500002000236650001300256650002900269700002200298856006200320856005400382856006600436942000700502999001700509952014700526 a0072337397 cDLC00a005 LIW 2000 A007 Or.1 aO'Leary, Timothy J.,10aMicrosoft Excel 2000 / aIntroductory ed. aBoston :bIrwin/McGraw-Hill,cc2000. a1 v. (various pagings) :bcol. ill. ;c28 cm.1 aThe O'Leary series aIncludes index. 0aBusiness 0aElectronic spreadsheets.1 aO'Leary, Linda I.42uhttp://www.loc.gov/catdir/description/mh023/99065258.html41uhttp://www.loc.gov/catdir/toc/mh023/99065258.html42uhttp://www.loc.gov/catdir/enhancements/fy0737/99065258-b.html cEK c12517d12517 0010406005_000000000000000_LIW_2000_A007_OR70962339aLBAbLBAcA007d2017-08-14o005 LIW 2000 A007 Or.pA14207r2017-08-14w2017-08-14yEK